书目信息 |
| 题名: |
奥斯丁研究
|
|
| 作者: | 朱虹 编选 | |
| 分册: | ||
| 出版信息: | 北京 中国文联出版公司 1985 |
|
| 页数: | 408页 | |
| 开本: | 20cm | |
| 丛书名: | 外国文学研究资料丛书 | |
| 单 册: | ||
| 中图分类: | I561.064 | |
| 科图分类: | ||
| 主题词: | ||
| 电子资源: | ||
| ISBN: | ||
| 000 | 00701nam2 2200265 45 | |
| 001 | 0185008665 | |
| 005 | 20030101010040.9 | |
| 010 | @dCNY2.55 | |
| 091 | @a10355.315 | |
| 100 | @a19921031d1985 kemy0chiy0121 ea | |
| 101 | 0 | @achi |
| 102 | @aCN@b110000 | |
| 105 | @ay zr 000zd | |
| 106 | @ar | |
| 200 | 10 | @a奥斯丁研究@Aao si ding yan jiu@f朱虹编选 |
| 210 | @a北京@c中国文联出版公司@d1985 | |
| 215 | @a408页@d20cm | |
| 225 | 2 | @a外国文学研究资料丛书 |
| 410 | 0 | @120010@a外国文学研究资料丛书 |
| 600 | 0 | @a奥斯丁@bJ.@x研究 |
| 690 | @aI561.064@v3 | |
| 701 | 0 | @a朱虹@Azhu hong@4编选 |
| 801 | 0 | @aCN@b深圳图书馆@c20030101 |
| 801 | 2 | @aCN@bNLC@c20030101 |
| 905 | @f1@b153524@dI561.064@e172 | |
| 奥斯丁研究/朱虹编选.-北京:中国文联出版公司,1985 |
| 408页;20cm.-(外国文学研究资料丛书) |
| ISBN :CNY2.55 |
| ● |
| 相关链接 |
|
|
|
|
正题名:奥斯丁研究
索取号:I561.064/172
 
预约/预借
| 序号 | 登录号 | 条形码 | 馆藏地/架位号 | 状态 | 备注 |
| 1 | 0153523 | 000682835 | 第二借阅区/ [索取号:I561.064/172] | 在馆 | |
| 2 | 0153524 | 000682844 | 第二借阅区/ [索取号:I561.064/172] | 在馆 | |
| 3 | 0153525 | 000682808 | 第一样本阅览室/ [索取号:I561.064/172] | 在馆 |